Loading...
Dealing with poverty
| Main Author: | |
|---|---|
| Format: | Printed Book |
| Language: | Undetermined |
| Published: |
New Delhi
Sage Publications
1991
|
| LEADER | 00520nam a2200145Ia 4500 | ||
|---|---|---|---|
| 008 | 161229s9999 xx 000 0 und d | ||
| 020 | |a 8170362369 | ||
| 082 | |a 362.5 USH/DE | ||
| 100 | |a Usha, Jumani | ||
| 245 | |a Dealing with poverty | ||
| 260 | |b Sage Publications |a New Delhi |c 1991 | ||
| 300 | |a 246 | ||
| 942 | |c BK | ||
| 999 | |c 151045 |d 151045 | ||
| 952 | |0 0 |1 0 |4 0 |6 362_500000000000000_USHDE |7 0 |9 150095 |a KAUCLV |b KAUCLV |d 2016-12-29 |g 225.00 |o 362.5 USH/DE |p 902354 |r 2016-12-29 |w 2016-12-29 |y BK |z Book transferred from CCBM Library ,Acc.No:9000 | ||